Iskolát alapítunk drámapedagógia alkalmazása a pedagógustovábbképzésben /
Elmentve itt :
| Szerző: | |
|---|---|
| Dokumentumtípus: | Cikk |
| Megjelent: |
1997
|
| Sorozat: | Iskolakultúra
7 No. 1 |
| Online Access: | http://misc.bibl.u-szeged.hu/40829 |
| LEADER | 00605nab a2200169 i 4500 | ||
|---|---|---|---|
| 001 | misc40829 | ||
| 005 | 20191106141012.0 | ||
| 008 | 180709s1997 hu o 0|| zxx d | ||
| 022 | |a 1215-5233 | ||
| 040 | |a SZTE Miscellanea Repozitórium |b hun | ||
| 041 | |a zxx | ||
| 100 | 1 | |a Debreczeni Tibor | |
| 245 | 1 | 0 | |a Iskolát alapítunk |h [elektronikus dokumentum] : |b drámapedagógia alkalmazása a pedagógustovábbképzésben / |c Debreczeni Tibor |
| 260 | |c 1997 | ||
| 300 | |a 60-63 | ||
| 490 | 0 | |a Iskolakultúra |v 7 No. 1 | |
| 856 | 4 | 0 | |u http://misc.bibl.u-szeged.hu/40829/1/16_EPA00011_iskolakultura_1997-1.pdf |z Dokumentum-elérés |